Muslim Personal Law Awr Islam Ka Aaili Nizam (Record no. 2436)

MARC details
000 -LEADER
fixed length control field 00598nam a2200241 a 4500
020 ## - INTERNATIONAL STANDARD BOOK NUMBER
ISBN
082 00 - DEWEY DECIMAL CLASSIFICATION NUMBER
Classification number 340.59
Author Cutter KHA2
100 ## - MAIN ENTRY--AUTHOR NAME
Author name Khan, Shams Tabrez
245 ## - TITLE STATEMENT
Title Muslim Personal Law Awr Islam Ka Aaili Nizam
260 ## - PUBLICATION, DISTRIBUTION, ETC. (IMPRINT)
Place of publication Lucknow
Name of publisher Majlis Tahqiqat-E-Islam
Year of publication 1969
300 ## - PHYSICAL DESCRIPTION
Number of Pages 263p
500 ## - GENERAL NOTE
General note includes index and biblioraphy
505 2# - FORMATTED CONTENTS NOTE
Formatted contents note Index
650 ## - SUBJECT ADDED ENTRY--TOPICAL TERM
Topical Term Islamic-Law
942 ## - ADDED ENTRY ELEMENTS (KOHA)
Koha item type Books
700 1# -
-- Khan, Shams Tabrez
Holdings
Collection code Home library Current library Date acquired Cost, normal purchase price Full call number Accession Number Koha item type
  Henry Martyn Institute Library Henry Martyn Institute Library 07/31/2007 5.00 340.59 KHA2 03877 Books
                   Copyright © 2026 | Henry Martyn Institute | Hyderabad | TS-500052 | INDIA | Implemented by hmi.edu.in
Hit-Count:

Powered by Koha